Možnosti využitia nástrojov aplikácií v rámci zautomatizovania manuálnych procesov vo firemnom prostredí diplomová práca

Uložené v:
Podrobná bibliografia
Hlavný autor: Mika, Marian
Korporativný autor: Fakulta hospodárskej informatiky EU. Katedra aplikovanej informatiky
Ďalší autori: Schmidt, Peter, 1968-
Médium: Kniha
Jazyk:Slovak
Vydavateľské údaje: Bratislava 2022
Tagy: Pridať tag
Žiadne tagy, Buďte prvý, kto otaguje tento záznam!

MARC

LEADER 00000nbm a2200000 4500
001 0285962
005 20221214135322.4
041 0 |a slo 
044 |a SK 
245 1 0 |a Možnosti využitia nástrojov aplikácií v rámci zautomatizovania manuálnych procesov vo firemnom prostredí  |b diplomová práca  |c Marian Mika ; školiteľ: Peter Schmidt 
264 1 |a Bratislava  |c 2022 
300 |a 85 s. 
100 1 |a Mika, Marian 
700 1 |a Schmidt, Peter, 1968- 
710 2 |a Fakulta hospodárskej informatiky EU. Katedra aplikovanej informatiky